Historia clínica (Record no. 28490)

MARC details
000 -LEADER
campo de control de longitud fija 00504nam a2200157 i 4500
001 - NÚMERO DE CONTROL
campo de control 28490
003 - IDENTIFICADOR DE NÚMERO DE CONTROL
campo de control ES-MaACL
005 - FECHA Y HORA DE LA ÚLTIMA TRANSACCIÓN
campo de control 20230906153850.0
007 - CAMPO FIJO DE DESCRIPCIÓN FÍSICA--INFORMACIÓN GENERAL
campo de control de longitud fija t|
008 - DATOS DE LONGITUD FIJA--INFORMACIÓN GENERAL
campo de control de longitud fija 030117q1909 sp ||||1| spa d
100 1# - ENTRADA PRINCIPAL--NOMBRE DE PERSONA
Nombre de persona Barajas, Luciano.
9 (RLIN) 25294
245 10 - MENCIÓN DEL TÍTULO
Título Historia clínica
Resto del título : infección sinusal séptico-puohémica de origen ótico /
Mención de responsabilidad, etc. Luciano Barajas.
260 ## - PUBLICACIÓN, DISTRIBUCIÓN, ETC.
Lugar de publicación, distribución, etc. [S.l. :
Nombre del editor, distribuidor, etc. s.n.,
Fecha de publicación, distribución, etc. 1909?]
500 ## - NOTA GENERAL
Nota general Es Separata del: Boletín de Laringología, julio-agosto 1909.
852 ## - LOCALIZACIÓN
Ubicación ES-MaACL
Número de control de estantería T-1198-F-2
Holdings
Estatus retirado Estado de pérdida Estado de daño No para préstamo Colección Biblioteca de origen Biblioteca actual Ubicación en estantería Fecha de adquisición Fuente de adquisición Total de préstamos Signatura topográfica completa Código de barras Visto por última vez Precio de reemplazo Tipo de ítem Koha
        Colección de folletos Biblioteca del Ateneo de Madrid Biblioteca del Ateneo de Madrid Depósito folletos 17/01/2008     T-1198-F-2 1029411 23/02/2023 23/02/2023 Folleto